|
|
|
|
| LEADER |
01041nam a22003011a 4500 |
| 001 |
000035334 |
| 003 |
11611 |
| 005 |
20241014095245.0 |
| 008 |
151113s1999 000 eng |
| 020 |
|
|
|a 00280244346
|
| 041 |
|
|
|a eng
|
| 082 |
|
|
|a 600
|b RA-B
|
| 100 |
|
|
|a Barbara Ramutkowski
|
| 245 |
|
0 |
|a Clinical Procedures for Medical Assisting :
|b A Patient-Centered Approach /
|c Barbara Ramutkowski.
|
| 260 |
|
|
|a McGraw-Hill Higher Education,
|c 1999.
|
| 300 |
|
|
|a 608tr. : ;
|c 26cm.
|
| 650 |
|
|
|a Medical Assisting
|
| 653 |
|
|
|a Medical Assisting
|a Clinical Procedures
|
| OWN |
|
|
|a LNN
|
| AVA |
|
|
|a UDN50
|b LNN
|c English
|d 600RA-B
|e available
|t Error 5001 Not defined in file expand_doc_bib_avail.
|f 1
|g 0
|h N
|i 0
|j AN
|k 1
|
| 999 |
|
|
|a From the UDN01
|
| AVA |
|
|
|a UDN50
|b LNN
|c English
|d 600RA-B
|e available
|t Error 5001 Not defined in file expand_doc_bib_avail.
|f 1
|g 0
|h N
|i 0
|j AN
|k 1
|
| TYP |
|
|
|a Monograph
|
| TYP |
|
|
|a Printed language
|
| 980 |
|
|
|a Mạng thư viện Đại học Đà Nẵng
|